00838 2200289 4500001002100000005001500021035002000036007000300056008004100059020001800100082001000118084001400128084001600142100003200158245006900190250001200259300004200271650003500313650003600348264005200384336002100436337003000457338002300487990001300510990001300523990001200536INLIS00000000112182220251218034401 a0010-1225000002ta251218 a 0 ind a9786342490853 a530.1 aSPFI 4101 aD SPFI 41010 aYosaphat SumardiePengarang1 aMekanika dan Kalor :b1-9 / SPFI4101 / 3 SKS /cYosaphat Sumardi aEdisi 1 aix,680 halaman :billustrasi ;c27 cm 4a1. Fisika - mekanika dan kalor 4a2. Physics - mechanics and heat aTangerang Selatan :bUniversitas Terbuka,c2025 2rdacontentaTeks 2rdamediaaTanpa perantara 2rdacarrieraVolume a25/30117 a25/90117 a2530117